000 00416nam a2200181Ia 4500
008 210210b1960 xxu||||| |||| 00| 0 eng d
041 _aeng
082 _a824/297
100 _a-
245 _aShakespeare survey No 13
260 _aCambridge
_bAt the University Press.
_c1960
650 _asurvey
650 _aShakespeare
650 _aNo
650 _a13
690 _aEnglish Criticism
906 _a014247
999 _c133388
_d133388